000 006540000a22002050004500
090 _aSERIADAS
100 1 _aNúñez Avellaneda, Luis Alberto
_9100707
700 1 _aRojas Robles, Rosario
_9100205
245 1 0 _aBiología reproductiva y ecología de la polinización de la palma milpesos Oenocarpus bataua en los Andes colombianos
044 _aColombia
041 0 _aEspañol
690 _aPalmas
_992981
690 _aFenología
_992807
690 _aBiología floral
_98184
690 _aPolinizadores
_98182
690 _aInfloresecencias
_9100708
653 _eOenocarpus bataua
942 _cARTICULO
773 1 _tCaldasia
_h1
_q101-125
_d2008
_g30
999 _c16379
_d16379